000 01236cam a2200313 a 4500
999 _c10467
_d10467
001 42863162
003 OCoLC
005 20241126110732.0
008 991109s2000 flu 000 0 eng
010 _a 99057883
020 _z155874714X (hardcover)
020 _a1558747141 (trade paper)
020 _a9781558747142 (trade paper)
020 _a155874715X
020 _a9781558747159
035 _a(OCoLC)42863162
040 _aDLC
_cDLC
_dIG#
_dPGC
_dBAKER
_dBTCTA
_dHNW
_dOCLCQ
_dYDXCP
_dCIRBC
050 0 0 _aBV4515.2
_bC445 2000
082 0 0 _a242
_221
_bCHI
092 _a242
_bC5332
245 0 0 _aChicken soup for the Christian family soul :
_bstories to open the heart and rekindle the spirit /
_c[compiled by] Jack Canfield ... [et al.].
260 _aDeerfield Beach, Fla. :
_bHealth Communications,
_cc2000.
300 _axvii, 406 p. ;
_c23 cm.
505 0 _aOn love -- Divine intervention -- On parents and parenting -- Going home -- Acts of kindness -- The power of believing -- The meaning of Christmas -- Overcoming obstacles -- Insights and lessons.
650 0 _aChristian life.
_9183
650 0 _aFamilies
_xReligious aspects
_xChristianity.
_94284
700 1 _aCanfield, Jack,
_d1944-
_918228
942 _2ddc
_cBK